| 000 | 00000nam##2200000za#4500 |
| 001 | 9.694022 |
| 003 | CaOODSP |
| 005 | 20240209132432 |
| 007 | cr ||||||||||| |
| 008 | 150407|2003||||xxc|||||o f|0| 0 eng|d |
| 040 | |aCaOODSP|beng |
| 043 | |an-cn--- |
| 086 | 1 |aC89-4/114-5-2003E-PDF |
| 110 | 2 |aAtlantic Canada Opportunities Agency. |
| 245 | 10|aExport internship for trade graduates - Atlantic Trade and Investment Partnership |h[electronic resource] |
| 260 | |aMoncton - New Brunswick : |bAtlantic Canada Opportunities Agency |c[2003]. |
| 300 | |a1p. |
| 500 | |aThe catalogue number (C89-4/114-5-2003) and ISBN (0-662-67833-8) for the bilingual print edition have been incorrectly copied in this electronic publication. |
| 590 | |a11-06-Supp|b2011-04-14 |
| 690 | 07|aTrade|2gcpds |
| 775 | 08|tStages dans le domaine de l'exportation pour les diplômés en commerce - Partenariat pour le commerce et l'investissement au Canada atlantique |w(CaOODSP)9.638205 |
| 856 | 40|ahttp://publications.gc.ca|qPDF|s48 KB|uhttps://publications.gc.ca/collections/collection_2010/apeca-acoa/C89-4-114-5-2003-eng.pdf |